| 000 | 01066cam a22003497a 4500 | ||
|---|---|---|---|
| 003 | CHAP | ||
| 005 | 20220329142610.0 | ||
| 008 | 020325d2000 mx a r 00110 spa d | ||
| 010 | _a85497 | ||
| 011 | _a86469 | ||
| 020 | _a9701501969 | ||
| 035 | _a97007 | ||
| 040 | _cCHAP | ||
| 082 | 0 | 4 |
_a621.43 _bT4Y 1996 |
| 100 | 0 | 0 |
_aThonon, J. _9112958 |
| 245 | 1 | 0 |
_aMotores de gasolina _c/por J. Thonon |
| 250 | _a3 ed. corr. y aum. | ||
| 260 |
_aMéxico, D.F.: _bAlfaomega, _c1996. |
||
| 300 |
_a180 p. : _bilus. |
||
| 500 | _aTrad. de : Moteurs a essence | ||
| 590 |
_aBATCH-UPD _b10 _c20130110 _lUCH01 _h0827 |
||
| 590 |
_aBATCH-UPD _b10 _c20130410 _lUCH01 _h0504 |
||
| 590 |
_aBATCH-UPD _b10 _c20130914 _lUCH01 _h1641 |
||
| 590 |
_aCONVERSION _b10 _c20130109 _lUCH01 _h1347 |
||
| 650 | 1 | 4 |
_aIngeniería mecánica. _958260 |
| 650 | 1 | 4 |
_aMotores de combustión interna. _979098 |
| 650 | 1 | 4 |
_aMotores. _979095 |
| 901 | _aBK | ||
| 905 | _aMayto Villalobos S. | ||
| 942 | _cLIBRO | ||
| 949 |
_a621.43 T4Y 1996 _bBC _cLIBRO _d33724000865853 _eLIBRO _h102269 _i97007 _si _t$128.00 |
||
| 999 |
_c85497 _d85497 |
||